00548nam a2200157 a 450000100100000000500170001000800410002704000250006808200150009310000290010824500750013724600510021226000470026330000360031071000440034600001639520240307073946.0100304s1981 dr ac 001 0 spa d aDO-SdBNPbspacBNPHU axxxbC117t1 aCabrera Zorrilla, Daniel10a9 temas en defensa de la UASD y del país /cDaniel Cabrera Zorrilla.12aNueve temas en defensa de la UASD y del país aSanto Domingo :bUASDfAlfa & Omegac1981. a81 p. :bil. ; retrs. ;c20 cm.1 aUniversidad Autónoma de Santo Domingo